| 000 | 01206cam a22003377a 4500 | ||
|---|---|---|---|
| 003 | CHAP | ||
| 005 | 20220329141512.0 | ||
| 008 | 971013s r 00010 d | ||
| 010 | _a69188 | ||
| 011 | _a70160 | ||
| 035 | _a79640 | ||
| 040 | _cCHAP | ||
| 090 | _aFolleto 11077 | ||
| 100 | 0 | 0 |
_aGarcía, Irma. _946783 |
| 245 | 0 | _aAspectos bioecológicos de colletotrichum coffea num Noack causante de la antracnosis del cafeto | |
| 260 |
_aLa Habana : _bInstituto Superior de Ciencias Agropecuarias de la Habana, _c[198?] |
||
| 300 | _a[21 p.] | ||
| 590 |
_aBATCH-UPD _b10 _c20130110 _lUCH01 _h0439 |
||
| 590 |
_aBATCH-UPD _b10 _c20130110 _lUCH01 _h2329 |
||
| 590 |
_aBATCH-UPD _b10 _c20130410 _lUCH01 _h0115 |
||
| 590 |
_aBATCH-UPD _b10 _c20130914 _lUCH01 _h0808 |
||
| 590 |
_aCONVERSION _b10 _c20130109 _lUCH01 _h1338 |
||
| 650 | 1 | 4 |
_aCafé _xEnfermedades. _917136 |
| 650 | 1 | 4 |
_aEcología microbiana. _935184 |
| 650 | 1 | 4 |
_aGlomerella cingulata. _948309 |
| 710 | 0 |
_aInstituto Superior de Ciencias Agropecuarias de la Habana. _959441 |
|
| 901 | _aBK | ||
| 942 | _cFOLL | ||
| 949 |
_aFolleto 11077 _bBC _cFOLL _d-32529 _eTS1 _i79640 _si |
||
| 949 |
_aFolleto 11077 _bBC _cFOLL _d796402 _eTS2 _fc.2 _i79640 _kDonaciØn _sb |
||
| 999 |
_c69188 _d69188 |
||